Alcaraz en el siglo de Andrés de Vandelvira, el bachiller Sabuco y el preceptor Abril (Record no. 15413)

MARC details
000 -LEADER
campo de control de longitud fija 01071nam a2200277 i 4500
001 - NÚMERO DE CONTROL
campo de control 15413
003 - IDENTIFICADOR DE NÚMERO DE CONTROL
campo de control ES-MaACL
005 - FECHA Y HORA DE LA ÚLTIMA TRANSACCIÓN
campo de control 20240516063020.0
007 - CAMPO FIJO DE DESCRIPCIÓN FÍSICA--INFORMACIÓN GENERAL
campo de control de longitud fija t|
008 - DATOS DE LONGITUD FIJA--INFORMACIÓN GENERAL
campo de control de longitud fija 000302s1999 sp ||||1| spa d
020 ## - NÚMERO INTERNACIONAL ESTÁNDAR DEL LIBRO
Número Internacional Estándar del Libro 84-87136-98-2
080 ## - NÚMERO DE LA CLASIFICACIÓN DECIMAL UNIVERSAL
Número de la Clasificación Decimal Universal 946.028.8 Alcaraz "15"
080 ## - NÚMERO DE LA CLASIFICACIÓN DECIMAL UNIVERSAL
Número de la Clasificación Decimal Universal 008(460.288 Alcaraz)"15"
080 ## - NÚMERO DE LA CLASIFICACIÓN DECIMAL UNIVERSAL
Número de la Clasificación Decimal Universal 72 Vandelvira, Andrés de
100 1# - ENTRADA PRINCIPAL--NOMBRE DE PERSONA
Nombre de persona Pretel Marín, Aurelio,
Fechas asociadas al nombre 1950-
9 (RLIN) 93800
245 10 - MENCIÓN DEL TÍTULO
Título Alcaraz en el siglo de Andrés de Vandelvira, el bachiller Sabuco y el preceptor Abril
Resto del título : (cultura, sociedad, arquitectura y otras bellas artes en el Renacimiento) /
Mención de responsabilidad, etc. Aurelio Pretel Marín.
260 ## - PUBLICACIÓN, DISTRIBUCIÓN, ETC.
Lugar de publicación, distribución, etc. Albacete :
Nombre del editor, distribuidor, etc. Instituto de Estudios Albacetenses "Don Juan Manuel",
Fecha de publicación, distribución, etc. 1999.
300 ## - DESCRIPCIÓN FÍSICA
Extensión 460 p. :
Otras características físicas il. ;
Dimensiones 24 cm.
490 1# - MENCIÓN DE SERIE
Mención de serie Serie I--Estudios ;
Designación de volumen o secuencia 111
600 14 - PUNTO DE ACCESO ADICIONAL DE MATERIA--NOMBRE DE PERSONA
Nombre de persona Vandelvira, Andrés de.
9 (RLIN) 113052
651 #4 - PUNTO DE ACCESO ADICIONAL DE MATERIA--NOMBRE GEOGRÁFICO
Nombre geográfico Alcaraz-
Subdivisión general Historia-
Subdivisión cronológica S.XVI.
9 (RLIN) 7653
710 2# - ENTRADA AGREGADA--NOMBRE DE ENTIDAD CORPORATIVA
Nombre de entidad corporativa o nombre de jurisdicción como elemento de entrada Instituto de Estudios Albacetenses.
9 (RLIN) 4884
830 0# - PUNTO DE ACCESO ADICIONAL DE SERIE-TÍTULO UNIFORME
Título uniforme Serie I--Estudios ;
Designación de volumen o secuencia 111
9 (RLIN) 179228
852 ## - LOCALIZACIÓN
Ubicación ES-MaACL
Número de control de estantería L-22488
Sublocalización o colección R.127681
Holdings
Estatus retirado Estado de pérdida Estado de daño No para préstamo Biblioteca de origen Biblioteca actual Ubicación en estantería Fecha de adquisición Fuente de adquisición Total de préstamos Signatura topográfica completa Código de barras Visto por última vez Precio de reemplazo Tipo de ítem Koha
        Biblioteca del Ateneo de Madrid Biblioteca del Ateneo de Madrid Depósito 2 17/01/2008     L-22488 1015670 23/02/2023 23/02/2023 Libro impreso